[Event "Open Vitrolles 2024/25"]
[Site "Vitrolles"]
[Date "2024.12.14"]
[Round "5.6"]
[White "Chauvet, Joelle"]
[Black "Romeuf, Benjamin"]
[Result "1/2-1/2"]
[WhiteElo "1597"]
[BlackElo "1638"]
[PlyCount "137"]
[EventDate "1.??.??"]

1. d4 Nf6 2. Nf3 d5 3. e3 g6 4. c4 Bg7 5. Nc3 O-O 6. Be2 b6 7. O-O Bb7 8. Rb1
c5 9. b3 e6 10. a4 Nc6 11. Ba3 Nb4 12. Qd2 Qd7 13. Ne5 Qc8 14. Bf3 Rd8 15. Rfd1
Nd7 16. Nd3 cxd4 17. Bxb4 dxc3 18. Bxc3 Nf6 19. Qb2 Ne8 20. Bxg7 Nxg7 21. Rbc1
dxc4 22. Bxb7 Qxb7 23. Rxc4 Rd6 24. Rd4 Rad8 25. Ne5 Rxd4 26. Rxd4 Rxd4 27.
Qxd4 Qc7 28. g3 Nf5 29. Qf4 f6 30. Nd3 Qxf4 31. Nxf4 Kf7 32. e4 Nd4 33. b4 e5
34. Nd3 Ne2+ 35. Kf1 Nc3 36. a5 bxa5 37. bxa5 Nxe4 38. f3 Nd2+ 39. Ke2 Nb3 40.
a6 Ke7 41. Ke3 Kd6 42. h4 Nc5 43. Nb4 f5 44. f4 e4 45. Kd4 Nd3 46. Nd5 Nc1 47.
Nf6 Ne2+ 48. Ke3 Nxg3 49. Nxh7 Kc6 50. Nf8 Kb6 51. Nxg6 Kxa6 52. Ne5 Kb5 53.
Kf2 Nh5 54. Nf7 Nxf4 55. Nd6+ Kc5 56. Nxf5 Kd5 57. Kg3 Nh5+ 58. Kg4 Ke5 59. Ne3
Nf6+ 60. Kg5 a5 61. Nc4+ Ke6 62. Kf4 a4 63. h5 Kd5 64. Nb6+ Kd4 65. Nxa4 Nxh5+
66. Kg4 e3 67. Kf3 Kd3 68. Nb2+ Kd4 69. Nd1 1/2-1/2

[Event "Open Vitrolles 2024/25"]
[Site "Vitrolles"]
[Date "2024.12.14"]
[Round "5.7"]
[White "Graells, Christian"]
[Black "Muteaux, Stephane"]
[Result "1-0"]
[WhiteElo "1614"]
[BlackElo "1399"]
[PlyCount "89"]
[EventDate "1.??.??"]

1. e4 g6 2. d4 Bg7 3. c3 d6 4. Nf3 Nf6 5. Bd3 O-O 6. O-O c5 7. d5 Nbd7 8. Nbd2
Nb6 9. c4 e6 10. Re1 Re8 11. Nf1 h6 12. Rb1 e5 13. Ne3 Bd7 14. Bd2 Nc8 15. Qc1
a6 16. Nf1 Kh7 17. h3 b5 18. N3h2 Nb6 19. f4 Nh5 20. f5 Nf4 21. Bxf4 exf4 22.
Qxf4 Be5 23. fxg6+ fxg6 24. Qc1 Rf8 25. Nd2 Bd4+ 26. Kh1 Qe7 27. Ndf3 Bg7 28.
b3 Rf7 29. Qe3 Bd4 30. Nxd4 cxd4 31. Qxd4 Rb8 32. e5 Bf5 33. Bxf5 Rxf5 34. Ng4
Nd7 35. exd6 Qxd6 36. Re6 Qc5 37. Qd2 Qf8 38. Rbe1 Rf7 39. d6 Rf1+ 40. Rxf1
Qxf1+ 41. Kh2 Qf8 42. Re7+ Kh8 43. Qd4+ Kg8 44. Rxd7 Rd8 45. Nf6+ 1-0

[Event "Open Vitrolles 2024/25"]
[Site "Vitrolles"]
[Date "2024.12.14"]
[Round "5.8"]
[White "Yon, Francois"]
[Black "Scamaroni, Jean-Paul"]
[Result "0-1"]
[WhiteElo "1601"]
[BlackElo "1606"]
[PlyCount "90"]
[EventDate "1.??.??"]

1. d4 Nf6 2. Nf3 g6 3. Bf4 d6 4. e3 Bg7 5. Nbd2 b6 6. Bd3 Bb7 7. c3 O-O 8. h3
Re8 9. O-O Nbd7 10. Re1 e5 11. dxe5 dxe5 12. Bxg6 exf4 13. Bc2 fxe3 14. Rxe3
Rxe3 15. fxe3 Nc5 16. Qe2 Qe7 17. Nd4 Qe5 18. N2f3 Qg3 19. Nf5 Bxf3 20. Qxf3
Qxf3 21. gxf3 Bf8 22. Nd4 Re8 23. Kf2 Ne6 24. Nf5 Kh8 25. Rg1 Ng8 26. Bb3 Nh6
27. Ng3 Ng7 28. Ne4 f5 29. Nf6 Re7 30. Rd1 Ne6 31. Rd7 Nc5 32. Rd8 Nxb3 33.
axb3 Kg7 34. Nh5+ Kf7 35. Nf4 Ng8 36. Ne2 Nf6 37. Nd4 Rd7 38. Rxd7+ Nxd7 39.
Nxf5 Nc5 40. Nd4 Nd3+ 41. Ke2 Nxb2 42. Kd2 a6 43. Kc2 Ba3 44. e4 c5 45. c4 cxd4
0-1

[Event "Open Vitrolles 2024/25"]
[Site "Vitrolles"]
[Date "2024.12.14"]
[Round "5.9"]
[White "Bregier, Gerard"]
[Black "Castellan, Christophe"]
[Result "1/2-1/2"]
[WhiteElo "1568"]
[BlackElo "1700"]
[PlyCount "73"]
[EventDate "1.??.??"]

1. Nf3 d5 2. g3 Nc6 3. d4 Nf6 4. Bg2 Bg4 5. O-O e6 6. h3 Bf5 7. Nbd2 Nb4 8. Ne1
c5 9. c3 Nc6 10. Nef3 Be7 11. Nh4 O-O 12. Nxf5 exf5 13. Qc2 Ne4 14. Nxe4 fxe4
15. a3 cxd4 16. c4 f5 17. cxd5 Qxd5 18. Rd1 Rac8 19. Qa4 Bc5 20. b4 Qc4 21. Bd2
Bb6 22. Bf1 Ne5 23. Bf4 Ng6 24. Rac1 Qe6 25. Qb5 a6 26. Qa4 Nxf4 27. gxf4 Qd6
28. Qb3+ Kh8 29. Rc4 Rxc4 30. Qxc4 Qxf4 31. Bg2 d3 32. e3 Bxe3 33. fxe3 Qxe3+
34. Kh2 f4 35. Qxe4 d2 36. Bf3 Qf2+ 37. Kh1 1/2-1/2

[Event "Open Vitrolles 2024/25"]
[Site "Vitrolles"]
[Date "2024.12.14"]
[Round "5.10"]
[White "Porte, Jacques"]
[Black "Thiers, Jean-Jacques"]
[Result "0-1"]
[WhiteElo "1468"]
[BlackElo "1655"]
[PlyCount "48"]
[EventDate "1.??.??"]

1. d4 d6 2. Nf3 g6 3. Nc3 Bg7 4. e4 Nd7 5. Bc4 e6 6. O-O a6 7. Bg5 Ngf6 8. Qd2
h6 9. Be3 b5 10. Bd3 Bb7 11. h3 Rc8 12. b4 c5 13. bxc5 dxc5 14. dxc5 Nxc5 15.
Rad1 Ncxe4 16. Nxe4 Bxe4 17. Qb4 Bxd3 18. Rxd3 Nd5 19. Qb1 O-O 20. Rfd1 Qc7 21.
Nd4 Nc3 22. Rxc3 Qxc3 23. Rd3 Qc4 24. Qb2 Rfd8 0-1

[Event "Open Vitrolles 2024/25"]
[Site "Vitrolles"]
[Date "2024.12.14"]
[Round "5.11"]
[White "Schoeni, Christine"]
[Black "Tripodi, Carole"]
[Result "1-0"]
[WhiteElo "1399"]
[BlackElo "1399"]
[PlyCount "133"]
[EventDate "1.??.??"]

1. e4 g6 2. d3 Bg7 3. Nf3 d6 4. Nc3 a6 5. Bd2 Nf6 6. Bg5 Nbd7 7. Be2 c5 8. d4
cxd4 9. Qxd4 e5 10. Qxd6 h6 11. Bxf6 Bxf6 12. O-O Be7 13. Qd2 O-O 14. Qxh6 b5
15. Nd5 Nf6 16. Nxf6+ Bxf6 17. Rfd1 Qa5 18. Qd2 Bb7 19. Qxa5 Kg7 20. b3 Bxe4
21. Bd3 Bd8 22. Bxe4 Bxa5 23. Bxa8 Rxa8 24. Nxe5 Rc8 25. c4 b4 26. Rd7 Rf8 27.
Nc6 Bb6 28. Nxb4 a5 29. Nd5 Bc5 30. Rc7 Bd6 31. Rb7 Kh6 32. a4 f5 33. g3 Re8
34. Rd7 Bc5 35. Nf4 Rb8 36. Rb1 Rg8 37. Ne6 Bb4 38. c5 Re8 39. Nf4 Bxc5 40. Nd3
Bb6 41. Kf1 Rf8 42. f4 Kh5 43. Rd6 Bc7 44. Rd5 Kg4 45. Kg2 Re8 46. h3+ Kh5 47.
Rc1 Bb6 48. Nc5 Bc7 49. Nd3 Re2+ 50. Kf3 Rh2 51. Nf2 g5 52. Rxc7 g4+ 53. Ke2
gxh3 54. Rxf5+ Kg6 55. Rg5+ Kf6 56. Rc6+ Ke7 57. Rg7+ Kd8 58. f5 Rg2 59. Rh7 h2
60. Kf3 Rg1 61. Rxh2 Rb1 62. Rb6 Ra1 63. Rh8+ Kc7 64. Rbh6 Ra3 65. Nd3 Ra1 66.
Kg4 Rd1 67. Ne5 1-0

[Event "Open Vitrolles 2024/25"]
[Site "Vitrolles"]
[Date "2024.11.30"]
[Round "6.1"]
[White "Chabaud, Philippe"]
[Black "Siguret, William"]
[Result "0-1"]
[WhiteElo "1658"]
[BlackElo "1738"]
[PlyCount "56"]Open Aubagne 2024/25

1. d4 Nf6 2. Nf3 c5 3. Nc3 Qb6 4. Rb1 d6 5. e4 cxd4 6. Nxd4 a6 7. h3 g6 8. Be3
Qb4 9. Qd2 Nbd7 10. a3 Qa5 11. Nb3 Qd8 12. Be2 Bg7 13. O-O O-O 14. Bh6 b5 15.
Bxg7 Kxg7 16. Bf3 Ne5 17. Be2 Bb7 18. Qf4 Rc8 19. Rbd1 Qb6 20. Nd4 Nc4 21. Nd5
Nxd5 22. exd5 Bxd5 23. Nf5+ gxf5 24. Qg5+ Kh8 25. Rxd5 f6 26. Rxf5 fxg5 27.
Bxc4 Rxf5 28. Be6 Rcf8 0-1

[Event "Open Vitrolles 2024/25"]
[Site "Vitrolles"]
[Date "2024.11.30"]
[Round "6.2"]
[White "Bouriel, Michel"]
[Black "Mata, Thierry"]
[Result "0-1"]
[WhiteElo "1611"]
[BlackElo "1707"]
[PlyCount "98"]Open Aubagne 2024/25

1. c4 c5 2. Nc3 Nf6 3. Nf3 Nc6 4. g3 d5 5. cxd5 Nxd5 6. Bg2 Nc7 7. O-O e5 8. d3
Be7 9. a3 O-O 10. Be3 Rb8 11. Rc1 b6 12. Ne4 f5 13. Nc3 Bb7 14. Bd2 Kh8 15. Na2
Nd4 16. Nc3 Nxf3+ 17. exf3 Qxd3 18. Re1 Rbd8 19. Rc2 Bf6 20. Re3 Qd6 21. Bh3 f4
22. Re1 Qd3 23. Bg2 Ne6 24. Nb1 Nd4 25. Rc3 Qb5 26. b3 Qc6 27. b4 fxg3 28. fxg3
Bg5 29. Bxg5 Nxf3+ 30. Bxf3 Rxd1 31. Bxc6 Rxe1+ 32. Kg2 Bxc6+ 33. Kh3 Rxb1 34.
bxc5 bxc5 35. Rxc5 Rc8 36. Rxe5 Rb5 37. Rxb5 Bxb5 38. Bd2 h6 39. Bb4 Bf1+ 40.
Kh4 Rc4+ 41. Kh5 a5 42. Bf8 Kh7 43. g4 Bh3 44. Bxg7 Bxg4+ 45. Kh4 Kxg7 46. Kg3
h5 47. Kg2 Rc3 48. a4 Bh3+ 49. Kg1 Rc2 0-1

[Event "Open Vitrolles 2024/25"]
[Site "Vitrolles"]
[Date "2024.11.30"]
[Round "6.3"]
[White "Briquet, Xavier"]
[Black "Cens, Alain"]
[Result "0-1"]
[WhiteElo "1695"]
[BlackElo "1663"]
[PlyCount "74"]Open Aubagne 2024/25

1. e4 c5 2. c3 d5 3. exd5 Qxd5 4. Nf3 Nc6 5. Be2 Nf6 6. h3 e6 7. O-O Be7 8. Re1
b6 9. Na3 Bb7 10. Nb5 Qd7 11. d4 a6 12. Na3 cxd4 13. Nc4 Qc7 14. Nxd4 b5 15.
Ne3 Rd8 16. Qc2 O-O 17. Nxc6 Bxc6 18. Ng4 Nxg4 19. Bxg4 Qb7 20. f4 Bh4 21. Re2
f5 22. Bf3 Bxf3 23. Rd2 Rxd2 24. Bxd2 Bxg2 25. Be3 Bxh3 26. Rd1 Rd8 27. Rxd8+
Bxd8 28. Qe2 Bg4 29. Qd3 Qd5 30. Qxd5 exd5 31. Kf2 Bh4+ 32. Kg2 Kf7 33. Bf2
Bxf2 34. Kxf2 h5 35. Kg3 Ke6 36. Kh4 d4 37. cxd4 Kd5 0-1

[Event "Open Vitrolles 2024/25"]
[Site "Vitrolles"]
[Date "2024.11.30"]
[Round "6.4"]
[White "Derien, Robert"]
[Black "Benoit-Lizon, Alain"]
[Result "1-0"]
[WhiteElo "1657"]
[BlackElo "1616"]
[PlyCount "55"]Open Aubagne 2024/25

1. e4 e5 2. Nf3 Nc6 3. Nc3 Nf6 4. d4 exd4 5. Nxd4 Bb4 6. Nxc6 bxc6 7. Bd3 O-O
8. O-O Re8 9. Bg5 h6 10. Bh4 g5 11. Bg3 Bxc3 12. bxc3 Nxe4 13. Qh5 Kg7 14. f4
Nf6 15. Qf3 g4 16. Qf2 d6 17. Bh4 h5 18. Rab1 c5 19. Rfe1 Rxe1+ 20. Qxe1 Be6
21. c4 c6 22. f5 Bd7 23. Qe3 Nd5 24. f6+ Nxf6 25. Qg5+ Kf8 26. Qh6+ Ke8 27.
Qh8+ Ke7 28. Bxf6+ 1-0

[Event "Open Vitrolles 2024/25"]
[Site "Vitrolles"]
[Date "2024.11.30"]
[Round "6.5"]
[White "Torelli, Roger"]
[Black "Biard, Noah"]
[Result "0-1"]
[WhiteElo "1653"]
[BlackElo "1655"]
[PlyCount "86"]Open Aubagne 2024/25

1. e4 c5 2. c4 Nc6 3. Nc3 g6 4. g3 Bg7 5. Bg2 Nf6 6. Nge2 d6 7. O-O O-O 8. d3
Bd7 9. h3 Ne5 10. f4 Nc6 11. Be3 Ne8 12. Qd2 Nd4 13. Rf2 f5 14. Raf1 Nc7 15. b3
Qc8 16. Kh2 Nce6 17. Nd5 Qd8 18. Ng1 Rb8 19. Nf3 Nxf3+ 20. Rxf3 Nd4 21. R3f2 e6
22. Nc3 b5 23. Ne2 bxc4 24. dxc4 Qb6 25. Rb1 a5 26. Rff1 Bc6 27. Rbd1 e5 28.
Nc3 Qb7 29. Nd5 Bxd5 30. exd5 Qa7 31. fxe5 Bxe5 32. Bf4 Rbe8 33. Rde1 Rf7 34.
Bxe5 dxe5 35. d6 Rd7 36. Bc6 Rxd6 37. Qg2 Nxc6 38. g4 f4 39. Rxf4 Qc7 40. Rfe4
Rf6 41. Kh1 Ref8 42. Qd2 Nd4 43. Qg5 Nf3 0-1

[Event "Open Vitrolles 2024/25"]
[Site "Vitrolles"]
[Date "2024.11.30"]
[Round "6.6"]
[White "Chauvet, Joelle"]
[Black "Graells, Christian"]
[Result "0-1"]
[WhiteElo "1579"]
[BlackElo "1603"]
[PlyCount "68"]Open Aubagne 2024/25

1. d4 Nf6 2. Nf3 d5 3. e3 e6 4. c4 Be7 5. Nc3 b6 6. cxd5 exd5 7. Ne5 O-O 8. Be2
Bb7 9. O-O a5 10. a4 Nbd7 11. Bf3 c6 12. e4 dxe4 13. Nxe4 Nxe4 14. Bxe4 Nxe5
15. dxe5 Qc7 16. Bf4 Rad8 17. Qg4 Rd4 18. Qf3 Qc8 19. Rac1 Rxa4 20. Bxc6 Bxc6
21. Qxc6 Qxc6 22. Rxc6 Rxf4 23. Rxb6 Bc5 24. Rb5 Rb4 25. Rxc5 a4 26. Rc2 Rfb8
27. Rfc1 h6 28. Rc8+ Kh7 29. Rxb8 Rxb8 30. Rc2 a3 31. f4 axb2 32. Rxb2 Rxb2 33.
h4 Kg6 34. Kh2 Kf5 0-1

[Event "Open Vitrolles 2024/25"]
[Site "Vitrolles"]
[Date "2024.11.30"]
[Round "6.7"]
[White "Romeuf, Benjamin"]
[Black "Coquet, Bruno"]
[Result "0-1"]
[WhiteElo "1611"]
[BlackElo "1516"]
[PlyCount "54"]Open Aubagne 2024/25

1. d4 d5 2. c4 e5 3. dxe5 d4 4. Nf3 Nc6 5. g3 Bg4 6. Bg2 h6 7. O-O Bc5 8. Qb3
Rb8 9. Qd3 Nge7 10. Nbd2 O-O 11. Nb3 b6 12. Qe4 Bf5 13. Qf4 Qd7 14. Rd1 Ng6 15.
Qd2 Bb4 16. Qe3 dxe3 17. Rxd7 exf2+ 18. Kxf2 Bxd7 19. Bf4 Nxf4 20. gxf4 Be6 21.
a3 Be7 22. Rc1 f6 23. Nbd4 Nxd4 24. Nxd4 Bc5 25. Ke3 fxe5 26. fxe5 Rbd8 27. Rd1
Bxc4 0-1

[Event "Open Vitrolles 2024/25"]
[Site "Vitrolles"]
[Date "2024.11.30"]
[Round "6.8"]
[White "Thiers, Jean-Jacques"]
[Black "Bregier, Gerard"]
[Result "0-1"]
[WhiteElo "1634"]
[BlackElo "1558"]
[PlyCount "29"]Open Aubagne 2024/25

1. d4 d5 2. Nf3 Nf6 3. e3 e6 4. Bd3 c5 5. b3 b6 6. Nbd2 Be7 7. Qe2 O-O 8. Bb2
Nc6 9. a3 Bb7 10. O-O Rc8 11. Ne5 cxd4 12. exd4 Ne8 13. f4 f6 14. Nxc6 Rxc6 15.
Qxe6+ 0-1

[Event "Open Vitrolles 2024/25"]
[Site "Vitrolles"]
[Date "2024.11.30"]
[Round "6.9"]
[White "Ben Amar, Ilyes"]
[Black "Muteaux, Stephane"]
[Result "1-0"]
[WhiteElo "1573"]
[BlackElo "1600"]
[PlyCount "77"]Open Aubagne 2024/25

1. e4 d6 2. d4 g6 3. Nf3 Bg7 4. Bc4 a6 5. O-O b5 6. Bb3 e6 7. d5 Nf6 8. dxe6
Bxe6 9. e5 Bxb3 10. exf6 Bxf6 11. axb3 O-O 12. c4 c6 13. Nc3 Re8 14. cxb5 Bxc3
15. bxc3 cxb5 16. Qd5 Ra7 17. Be3 Rd7 18. Rfe1 Qc8 19. c4 Qb7 20. Qxb7 Rxb7 21.
Bf4 Rd8 22. Rad1 Rbd7 23. Rd2 bxc4 24. bxc4 Rc8 25. Bxd6 Nc6 26. c5 h6 27. h3
Kh7 28. Ne5 Nxe5 29. Rxe5 Kg7 30. Re7 Rxe7 31. Bxe7 Rc6 32. Rb2 Re6 33. Bd6 a5
34. Ra2 Re1+ 35. Kh2 Rc1 36. Rxa5 Kf6 37. Ra6 Ke6 38. Bf4+ Kd5 39. Bxc1 1-0

[Event "Open Vitrolles 2024/25"]
[Site "Vitrolles"]
[Date "2024.11.30"]
[Round "6.10"]
[White "Castellan, Christophe"]
[Black "Schoeni, Christine"]
[Result "1-0"]
[WhiteElo "1594"]
[BlackElo "1399"]
[PlyCount "49"]Open Aubagne 2024/25

1. e4 e5 2. Nf3 Nc6 3. Nc3 Nf6 4. d4 Bb4 5. Bg5 Bxc3+ 6. bxc3 d6 7. Bb5 O-O 8.
Bxc6 bxc6 9. dxe5 dxe5 10. Nxe5 Qxd1+ 11. Rxd1 Nxe4 12. Bd2 Bb7 13. O-O Rfd8
14. Nd3 Ba6 15. Rfe1 Nf6 16. Bg5 Rd6 17. Bxf6 Rxf6 18. Nc5 Bc4 19. Nd7 Rd8 20.
Nxf6+ gxf6 21. Rxd8+ Kg7 22. Re4 Bxa2 23. Rg4+ Kh6 24. Rdg8 Be6 25. Rh4# 1-0

[Event "Open Vitrolles 2024/25"]
[Site "Vitrolles"]
[Date "2024.11.30"]
[Round "6.11"]
[White "Ribelles, Anthony"]
[Black "Yon, Francois"]
[Result "0-1"]
[WhiteElo "1559"]
[BlackElo "1593"]
[PlyCount "24"]Open Aubagne 2024/25

1. e4 c6 2. d4 d5 3. exd5 cxd5 4. c4 Nf6 5. Nc3 Nc6 6. Nf3 Bg4 7. cxd5 Nxd5 8.
Qb3 Bxf3 9. gxf3 Nxc3 10. bxc3 Qb6 11. Bb5 a6 12. Qa4 Qxb5 0-1

[Event "Open Vitrolles 2024/25"]
[Site "Vitrolles"]
[Date "2024.11.30"]
[Round "6.12"]
[White "Porte, Jacques"]
[Black "Biard, Andre"]
[Result "1-0"]
[WhiteElo "1431"]
[BlackElo "1399"]
[PlyCount "80"]Open Aubagne 2024/25

1. d4 d5 2. c4 e6 3. Nf3 Nc6 4. Nc3 Bb4 5. Bd2 Nge7 6. a3 Bd6 7. e3 O-O 8. c5
Nf5 9. cxd6 Nxd6 10. Bb5 Na5 11. Bd3 c6 12. Qc2 Qb6 13. Bxh7+ Kh8 14. Bd3 g6
15. Na4 Qd8 16. Bb4 b5 17. Nc5 Re8 18. Qd2 Ndc4 19. Qc2 Kg8 20. b3 Nd6 21. Ne5
Nab7 22. O-O-O Nf5 23. Nxc6 Qd6 24. Nxb7 Qxc6 25. Qxc6 Bxb7 26. Qxb5 Rac8+ 27.
Kb1 Bc6 28. Qa5 Ra8 29. Qc7 Rec8 30. Qf4 Ng7 31. g4 a5 32. Be7 Rab8 33. Ka2 a4
34. b4 Re8 35. Bf6 Kh7 36. Rc1 Rbc8 37. Qd6 Rf8 38. Rxc6 Ne8 39. Rxc8 Nxd6 40.
Rxf8 Kh6 1-0

[Event "Open Vitrolles 2024/25"]
[Site "Vitrolles"]
[Date "2025.01.25"]
[Round "7.1"]
[White "Mata, Thierry"]
[Black "Chabaud, Philippe"]
[Result "1-0"]
[WhiteElo "1707"]
[BlackElo "1658"]
[PlyCount "75"]
1. d4 d5 2. c4 e6 3. Nc3 Nf6 4. Nf3 Be7 5. e3 O-O 6. Bd3 b6 7. e4 dxc4 8. Bxc4
Ba6 9. Bxa6 Nxa6 10. a3 c5 11. O-O cxd4 12. Nxd4 Bc5 13. Be3 Qc8 14. Bg5 Nd7
15. Ndb5 h6 16. Bh4 Ne5 17. b4 Ng6 18. Bg3 Be7 19. Rc1 Qd8 20. Qe2 Bg5 21. Rcd1
Qc8 22. Bd6 Rd8 23. e5 Nf4 24. Qe4 Rd7 25. h4 Nd5 26. hxg5 Nxc3 27. Nxc3 hxg5
28. Rc1 Qd8 29. Nb5 Rc8 30. Rxc8 Qxc8 31. Qe3 g4 32. Rc1 Qd8 33. g3 f6 34. Qe2
f5 35. Nd4 Kf7 36. Qxa6 Qg5 37. Qc8 Kg6 38. Nxe6 1-0

[Event "Open Vitrolles 2024/25"]
[Site "Vitrolles"]
[Date "2025.01.25"]
[Round "7.2"]
[White "Siguret, William"]
[Black "Biard, Noah"]
[Result "0-1"]
[WhiteElo "1738"]
[BlackElo "1655"]
[PlyCount "74"]
1. Nf3 d5 2. g3 Nf6 3. Bg2 e6 4. d4 c5 5. c4 Nc6 6. cxd5 Nxd5 7. O-O Be7 8.
dxc5 Bxc5 9. e4 Ndb4 10. Qxd8+ Kxd8 11. Na3 Ke7 12. Rd1 b6 13. Bf4 Ba6 14. Bf1
Bxf1 15. Kxf1 Rhd8 16. Ne5 Nxe5 17. Bxe5 f6 18. Bc3 Nd3 19. Rd2 Rac8 20. Nb5 a6
21. Rad1 Nxf2 22. Rxd8 Rxd8 23. Rxd8 Kxd8 24. Nd4 Bxd4 25. Bxd4 Nxe4 26. Bxb6+
Kd7 27. Ke2 Kc6 28. Ba5 Kd5 29. a4 Nc5 30. g4 Nxa4 31. b3 Nc5 32. b4 Nb3 33.
Bb6 Nd4+ 34. Kd3 Nf3 35. h3 Ng5 36. h4 Nf3 37. Bf2 Ne5+ 0-1

[Event "Open Vitrolles 2024/25"]
[Site "Vitrolles"]
[Date "2025.01.25"]
[Round "7.3"]
[White "Graells, Christian"]
[Black "Derien, Robert"]
[Result "0-1"]
[WhiteElo "1603"]
[BlackElo "1657"]
[PlyCount "96"]
1. e4 d5 2. exd5 Nf6 3. d4 Nxd5 4. Nf3 e6 5. c4 Nf6 6. Bd3 Nbd7 7. O-O g6 8.
Nc3 Bg7 9. Bg5 O-O 10. Qd2 c6 11. Rae1 Re8 12. c5 b6 13. b4 a5 14. a3 bxc5 15.
dxc5 axb4 16. axb4 Ba6 17. Bxa6 Rxa6 18. Ne4 Qc7 19. Nd6 Rea8 20. Qf4 e5 21.
Nxe5 Nxe5 22. Rxe5 Nd5 23. Qe4 Bxe5 24. Qxe5 Qd7 25. Bh6 f6 26. Qd4 Qe6 27. Ne4
Qe5 28. Qc4 Ra1 29. Nd2 Rxf1+ 30. Nxf1 g5 31. Qg4 Kf7 32. Qh5+ Kg8 33. h4 Nf4
34. Qg4 Qe6 35. Qd1 Qd5 36. Qxd5+ Nxd5 37. hxg5 f5 38. Ng3 Ne7 39. Nh5 Kf7 40.
Nf4 Nd5 41. Nxd5 cxd5 42. g6+ hxg6 43. Bf4 Ra1+ 44. Kh2 Ke6 45. c6 Rb1 46. c7
Kd7 47. c8=Q+ Kxc8 48. Bd6 d4 0-1

[Event "Open Vitrolles 2024/25"]
[Site "Vitrolles"]
[Date "2025.01.25"]
[Round "7.5"]
[White "Scamaroni, Jean-Paul"]
[Black "Briquet, Xavier"]
[Result "1-0"]
[WhiteElo "1627"]
[BlackElo "1695"]
[PlyCount "105"]
1. d4 d5 2. c4 c6 3. Nf3 Bf5 4. Nc3 e6 5. e3 Nf6 6. cxd5 exd5 7. Bd3 Bxd3 8.
Qxd3 Bd6 9. O-O O-O 10. Re1 Re8 11. e4 dxe4 12. Nxe4 Nxe4 13. Rxe4 Nd7 14. Bg5
f6 15. Bh4 Qc7 16. Rae1 Rxe4 17. Qxe4 Rf8 18. Bg3 Bxg3 19. hxg3 Qd6 20. Nh4 Qd5
21. Qxd5+ cxd5 22. Nf5 g6 23. Ne7+ Kf7 24. Nxd5 Re8 25. Re3 f5 26. Kf1 Nf8 27.
Ke2 Ne6 28. Kd3 Rd8 29. Re5 Rd7 30. f4 Nc7 31. Nxc7 Rxc7 32. Rc5 Re7 33. Re5
Rc7 34. Kd2 Kf6 35. b3 h6 36. d5 Re7 37. Rxe7 Kxe7 38. Kd3 Kd6 39. Kd4 g5 40.
fxg5 hxg5 41. a4 a5 42. Kc4 f4 43. gxf4 gxf4 44. Kd4 b6 45. Ke4 f3 46. gxf3 Ke7
47. Ke5 Kd7 48. f4 Ke7 49. f5 Kf7 50. d6 Ke8 51. Ke6 Kd8 52. f6 Ke8 53. d7+ 1-0

[Event "Open Vitrolles 2024/25"]
[Site "Vitrolles"]
[Date "2025.01.25"]
[Round "7.6"]
[White "Coquet, Bruno"]
[Black "Torelli, Roger"]
[Result "1/2-1/2"]
[WhiteElo "1516"]
[BlackElo "1653"]
[PlyCount "104"]
1. e4 e5 2. Nf3 Nc6 3. Bc4 Bc5 4. c3 Nf6 5. d4 exd4 6. cxd4 Bb4+ 7. Nc3 d5 8.
exd5 Nxd5 9. Bxd5 Bxc3+ 10. bxc3 Qxd5 11. O-O O-O 12. Bf4 Bg4 13. Bxc7 Rac8 14.
Bg3 Na5 15. Qd3 Bxf3 16. Qxf3 Qxf3 17. gxf3 Rxc3 18. d5 Rd8 19. Rfd1 Rd7 20.
Bb8 b6 21. Rac1 Rxc1 22. Rxc1 f6 23. d6 Kf7 24. Rc7 Ke6 25. Rxa7 Rxa7 26. Bxa7
b5 27. Bb6 Nc4 28. Bc5 Nxd6 29. a3 Kd5 30. Bb4 Nc4 31. Kf1 Ne5 32. Ke2 Kc4 33.
Bf8 g6 34. Ke3 Kb3 35. Be7 Nc4+ 36. Kd3 f5 37. Kd4 Nxa3 38. Ke5 Nb1 39. Kf6 Kc4
40. Kg7 b4 41. Bxb4 Kxb4 42. Kxh7 g5 43. Kg6 Nd2 44. Kxg5 Nxf3+ 45. Kxf5 Nxh2
46. f4 Nf3 47. Ke4 Nh4 48. Kd5 Kc3 49. Ke6 Kd4 50. Kf6 Ke4 51. Kg5 Nf5 52. Kg4
Ne3+ 1/2-1/2

[Event "Open Vitrolles 2024/25"]
[Site "Vitrolles"]
[Date "2025.01.25"]
[Round "7.7"]
[White "Benoit-Lizon, Alain"]
[Black "Yon, Francois"]
[Result "1-0"]
[WhiteElo "1616"]
[BlackElo "1593"]
[PlyCount "87"]
1. e4 c6 2. d4 d5 3. e5 Bf5 4. Nf3 e6 5. Be2 c5 6. c3 Nc6 7. O-O cxd4 8. cxd4
Bg4 9. h3 Bxf3 10. Bxf3 Qb6 11. Be3 Qxb2 12. Nd2 Qb6 13. Nb3 Nge7 14. Rb1 Nf5
15. Nc5 Qc7 16. Rxb7 Qc8 17. Qb3 Bxc5 18. dxc5 O-O 19. Rb1 Na5 20. Qb4 Nxb7 21.
Qxb7 Qxb7 22. Rxb7 Nxe3 23. fxe3 Rfc8 24. e4 d4 25. Rb4 Rd8 26. Rc4 Rac8 27.
Bd1 Rc7 28. c6 d3 29. Kf2 Rdc8 30. Ba4 Rd8 31. Ke3 d2 32. Ke2 Kf8 33. Bd1 Ke7
34. g4 f6 35. exf6+ Kxf6 36. Rc5 e5 37. Rd5 Rb8 38. Rxd2 Rxc6 39. Bb3 Ke7 40.
Rd5 Kf6 41. Rd7 a6 42. h4 g5 43. h5 h6 44. Rf7# 1-0

[Event "Open Vitrolles 2024/25"]
[Site "Vitrolles"]
[Date "2025.01.25"]
[Round "7.8"]
[White "Bregier, Gerard"]
[Black "Chauvet, Joelle"]
[Result "1-0"]
[WhiteElo "1558"]
[BlackElo "1579"]
[PlyCount "111"]
1. Nf3 d5 2. g3 e6 3. Bg2 Nf6 4. O-O Be7 5. c4 c6 6. b3 O-O 7. d3 Nfd7 8. Nc3
Bf6 9. d4 b6 10. Bf4 Bb7 11. e4 dxe4 12. Nxe4 Be7 13. Nd6 Bxd6 14. Bxd6 Re8 15.
Qd2 Nf6 16. Qf4 Nbd7 17. Ne5 Nxe5 18. dxe5 Nh5 19. Qf3 g6 20. Rad1 Qc8 21. Ba3
Rb8 22. c5 Rd8 23. Rd6 Rxd6 24. exd6 Qd7 25. b4 e5 26. Bc1 Qf5 27. Qxf5 gxf5
28. d7 Rd8 29. Rd1 Kf8 30. Rd6 Ke7 31. Bb2 f6 32. f4 e4 33. Bh3 Rxd7 34. Rxd7+
Kxd7 35. Bxf5+ Ke7 36. Bxe4 h6 37. Kf2 Ng7 38. g4 Ne6 39. Ke3 bxc5 40. bxc5 Nc7
41. h4 Kf7 42. g5 hxg5 43. fxg5 fxg5 44. hxg5 Ne6 45. g6+ Kg8 46. Bf5 Nxc5 47.
Kf4 Bc8 48. Kg5 Bxf5 49. Kxf5 Na4 50. Bd4 c5 51. Bg1 a6 52. Ke5 c4 53. Be3 c3
54. Kd5 Kg7 55. Kc4 Nb2+ 56. Kxc3 1-0

[Event "Open Vitrolles 2024/25"]
[Site "Vitrolles"]
[Date "2025.01.25"]
[Round "7.9"]
[White "Thiers, Jean-Jacques"]
[Black "Romeuf, Benjamin"]
[Result "0-1"]
[WhiteElo "1634"]
[BlackElo "1611"]
[PlyCount "98"]
1. d4 Nf6 2. Nf3 g6 3. e3 Bg7 4. Bd3 O-O 5. Nbd2 b6 6. O-O Bb7 7. Re1 d6 8. c3
Nbd7 9. e4 e6 10. Nf1 c5 11. e5 dxe5 12. dxe5 Ng4 13. Bg5 Bxf3 14. gxf3 Qxg5
15. fxg4 Nxe5 16. Be2 Rfd8 17. Qc1 Qh4 18. Qf4 Nd3 19. Bxd3 Rxd3 20. Ne3 h5 21.
Qg3 Qxg3+ 22. hxg3 hxg4 23. Nxg4 Rd2 24. Rab1 Rad8 25. Kf1 b5 26. Ne3 b4 27.
cxb4 cxb4 28. Nc4 Rc2 29. Rec1 Rxc1+ 30. Rxc1 f5 31. b3 Kf7 32. Ke2 e5 33. Na5
Bh6 34. Rc2 Rd5 35. Rc7+ Ke6 36. Nc4 a5 37. Ne3 Bxe3 38. Kxe3 Kf6 39. Rc6+ Kg5
40. f4+ Kh6 41. Rc2 e4 42. Rh2+ Kg7 43. Rc2 Rd3+ 44. Kf2 g5 45. fxg5 Kg6 46.
Kg2 Kxg5 47. Rf2 e3 48. Re2 Rd2 49. Kf3 Rxe2 0-1

[Event "Open Vitrolles 2024/25"]
[Site "Vitrolles"]
[Date "2025.01.25"]
[Round "7.10"]
[White "Muteaux, Stephane"]
[Black "Porte, Jacques"]
[Result "1-0"]
[WhiteElo "1600"]
[BlackElo "1431"]
[PlyCount "75"]
1. b4 d5 2. Bb2 e6 3. e3 Nf6 4. a3 Bd6 5. c4 dxc4 6. Bxc4 O-O 7. d4 c6 8. Nf3
Nbd7 9. O-O Qc7 10. g3 b5 11. Bd3 Bb7 12. Nbd2 Nb6 13. Bc2 Rac8 14. e4 e5 15.
dxe5 Bxe5 16. Bxe5 Qd8 17. Bxf6 Qxf6 18. Re1 Qd8 19. Qe2 Re8 20. Rad1 Qc7 21.
Qf1 Nd7 22. Nb3 Ne5 23. Nxe5 Qxe5 24. Nc5 Ba8 25. Qh3 Qb2 26. Bb1 Qxa3 27. e5
g6 28. Rd4 Qc3 29. Red1 Qf3 30. R1d3 Qe2 31. Re4 Qb2 32. Rd1 Rcd8 33. Rxd8
Qxb1+ 34. Kg2 Rxd8 35. e6 h5 36. exf7+ Kg7 37. Ne6+ Kxf7 38. Nxd8+ 1-0